| 000 | 00453 a2200169 4500 | ||
|---|---|---|---|
| 999 |
_c474562 _d474562 |
||
| 005 | 20190129115609.0 | ||
| 008 | 190129b ||||| |||| 00| 0 eng d | ||
| 020 | _a9780199063222 | ||
| 040 | _cDLC | ||
| 082 |
_a954.91053 _bLOD |
||
| 100 |
_aMaleeha Lodhi _99136 |
||
| 245 |
_aPakistan Beyond the Crisis State / _hEnglish |
||
| 260 |
_aKarachi _bOxford University Press _c2011 |
||
| 300 | _axxv, 391p. : | ||
| 500 | _aGeneral Book | ||
| 942 |
_2ddc _cBK |
||